000 00577nam a2200157Ia 4500
008 240729s9999 xx 000 0 und d
022 _a2392-6260
245 0 _aSymposion: Theoretical and Applied Inquiries in Philosophy and Social Sciences
260 _aRomania
260 _bAcademia Romana, Filiala Iasi, Institutul de Cercetari Economice si Sociale Gheorghe Zane
650 _a Philosophy (General) | Social Sciences
650 _aPhilosophy. Psychology. Religion
856 _uhttps://doaj.org/toc/68af0d274b4a40d38386126ac8dc95ab
942 _2ddc
942 _cDOAJEJ
999 _c65994
_d65994
945 _a1
_bMadushi Gamage
_c1
_dMadushi Gamage